000 00702nam a2200121Ia 4500
008 220620s9999||||xx |||||||||||||| ||und||
245 0 _aChapter 36 Urban struggles and theorising from Eastern European cities
_bA collective interview with Ana Vilenica, Ioana Florea, Veda Popovici and Zsuzsi Pósfai
546 _aEnglish[eng]
650 _aEastern Europe, activism, housing, urban policies, urban power structures, spacial justice, global urbanism
700 _aLancione, Michele||Mcfarlane, Colin
856 _uhttps://library.oapen.org/bitstream/20.500.12657/48506/1/9780429259593_oachapter36.pdf||https://library.oapen.org/bitstream/20.500.12657/48506/1/9780429259593_oachapter36.pdf
942 _cEB
999 _c25346
_d25346